000 00316 a2200109 4500
001 ART_18840
005 20260410161703.0
008 260409a
245 1 0 _aLa exportación de servicios medicos en el IVA
100 1 _aOklander, Juan
773 0 _tRevista Impuestos
_g- Nº 8 (ago. 2011)
_wREV639
999 _c15380
_d15380